Otsochodzi - Tarcho Terror - Statystyki

Ogólne statystyki
  • Ten quiz został rozwiązany 230 razy
  • Średni wynik to 11 z 16
Statystyki odpowiedzi
Numer Tytuł Gość % Poprawnych
8 WWA Melanż Oskar83
91%
9 Paczkomat Pako & Szopeen
89%
4 Tarcho Terror
89%
2 KFC
86%
11 Luty
83%
3 Pojebane Stany Young Igi
77%
15 SMS Gruby Mielzky
74%
13 Waka Flocka Young Igi & Oki
74%
6 Pomarańczowo
71%
7 Pies Franek Na Auto-Tune (Skit)
62%
16 W Dół
61%
10 Robię Taki Rap Od Kilku Lat Na Tarchominie
58%
1 Intro 2021
57%
5 Taka Praca Berson
56%
12 Ceha Joint (Skit)
50%
14 Z Czym Do Ludzi?
46%
Nie znaleziono quizów pasujących do podanych kryteriów
Rozkład punktacji
Procent ludzi z każdym wynikiem
Percentyl według liczby udzielonych odpowiedzi
Twoja historia wyników
Nie rozwiązałeś tego quizu